000 00473nam a2200181Ia 4500
001 18442
005 20260306171631.0
008 260306s9999||||xx |||||||||||||| ||und||
041 _aESP
082 _a658.404
_bG66
100 _aGonzález de la Cueva, María Eugenia
_eAUT
245 0 _aAdministración de proyectos:
_boptimización de recursos
260 _c2013
300 _a224 páginas :
_c23 cm.
650 _aGEN
654 _aCAN
942 _cLIB
_dJUS
_fJUS
_2ddc
_n
999 _c18442
_d18442